书目信息 |
| 题名: |
土木工程可靠性理论及其应用
|
|
| 作者: | 高谦 , 吴顺川 , 万林海 编著 | |
| 分册: | ||
| 出版信息: | 北京 中国建材工业出版社 2007.09 |
|
| 页数: | 465页 | |
| 开本: | 26cm | |
| 丛书名: | ||
| 单 册: | ||
| 中图分类: | O213.2 | |
| 科图分类: | ||
| 主题词: | 土木工程--tu mu gong cheng--可靠性理论--研究 | |
| 电子资源: | ||
| ISBN: | 978-7-80227-294-1 | |
| 000 | 01006nam0 2200277 450 | |
| 001 | 012007270798 | |
| 005 | 20071107173521.08 | |
| 010 | @a978-7-80227-294-1@dCNY45.00 | |
| 100 | @a20071107d2007 km y0chiy0120 ea | |
| 101 | 0 | @achi |
| 102 | @aCN@b110000 | |
| 105 | @aa z 000yy | |
| 106 | @ar | |
| 200 | 1 | @a土木工程可靠性理论及其应用@Atu mu gong cheng ke kao xing li lun ji qi ying yong@f高谦 ... [等] 编著@Fgao qian...[deng]bian zhu |
| 210 | @a北京@c中国建材工业出版社@d2007.09 | |
| 215 | @a465页@c图@d26cm | |
| 300 | @a普通高等教育“十一五”国家级规划教材 | |
| 304 | @a题名页题: 高谦, 吴顺川, 万林海, 韩阳编著 | |
| 330 | @a本书共分3篇18章,详细介绍了土木工程可靠性理论与分析方法,重点探讨了可靠性理论在土木工程中的应用。 | |
| 606 | 0 | @a土木工程@Atu mu gong cheng@x可靠性理论@x研究 |
| 690 | @aO213.2@v4 | |
| 701 | 0 | @a高谦@Agao qian@4编著 |
| 701 | 0 | @a吴顺川@Awu shun chuan@4编著 |
| 701 | 0 | @a万林海@Awan lin hai@4编著 |
| 801 | 0 | @aCN@b@c20071107 |
| 905 | @b265932-34@dO213.2@eG165@f3 | |
| 土木工程可靠性理论及其应用/高谦 ... [等] 编著.-北京:中国建材工业出版社,2007.09 |
| 465页:图;26cm |
| 普通高等教育“十一五”国家级规划教材 |
| ISBN 978-7-80227-294-1:CNY45.00 |
| 本书共分3篇18章,详细介绍了土木工程可靠性理论与分析方法,重点探讨了可靠性理论在土木工程中的应用。 |
| ● |
| 相关链接 |
|
|
|
正题名:土木工程可靠性理论及其应用
索取号:O213.2/G165
 
预约/预借
| 序号 | 登录号 | 条形码 | 馆藏地/架位号 | 状态 | 备注 |
| 1 | 265932 | 202659328 | 自科库401/401自科库 78排1列3层/ [索取号:O213.2/G165] | 在馆 | |
| 2 | 265933 | 202659337 | 自科库401/401自科库 78排1列3层/ [索取号:O213.2/G165] | 在馆 | |
| 3 | 265934 | 202659346 | 自科库401/401自科库 78排1列3层/ [索取号:O213.2/G165] | 在馆 |